Fighting financial fires : (Record no. 275405)
[ view plain ]
| 000 -LEADER | |
|---|---|
| fixed length control field | 02344cam a2200385 a 4500 |
| 001 - CONTROL NUMBER | |
| control field | 16977608 |
| 003 - CONTROL NUMBER IDENTIFIER | |
| control field | SISC |
| 005 - DATE AND TIME OF LATEST TRANSACTION | |
| control field | 20170116160742.0 |
| 008 - FIXED-LENGTH DATA ELEMENTS--GENERAL INFORMATION | |
| fixed length control field | 110926s2011 enk b 001 0 eng |
| 010 ## - LIBRARY OF CONGRESS CONTROL NUMBER | |
| LC control number | 2011040444 |
| 020 ## - INTERNATIONAL STANDARD BOOK NUMBER | |
| International Standard Book Number | 9780230292673 (alk. paper) |
| 020 ## - INTERNATIONAL STANDARD BOOK NUMBER | |
| International Standard Book Number | 0230292674 (alk. paper) |
| 040 ## - CATALOGING SOURCE | |
| Original cataloging agency | DLC |
| Transcribing agency | DLC |
| Modifying agency | DLC |
| 042 ## - AUTHENTICATION CODE | |
| Authentication code | pcc |
| 050 00 - LIBRARY OF CONGRESS CALL NUMBER | |
| Classification number | HB 3722 |
| Item number | .B43 2011 |
| 082 00 - DEWEY DECIMAL CLASSIFICATION NUMBER | |
| Classification number | 332.1/52 |
| 084 ## - OTHER CLASSIFICATION NUMBER | |
| Classification number | BUS027000 |
| -- | BUS045000 |
| -- | BUS069020 |
| -- | POL023000 |
| Source of number | bisacsh |
| 100 1# - MAIN ENTRY--PERSONAL NAME | |
| Personal name | Beaufort Wijnholds, J. A. H. de. |
| 245 10 - TITLE STATEMENT | |
| Title | Fighting financial fires : |
| Remainder of title | an IMF insider account / |
| Statement of responsibility, etc | Onno de Beaufort Wijnholds. |
| 260 ## - PUBLICATION, DISTRIBUTION, ETC. (IMPRINT) | |
| Place of publication, distribution, etc | Houndmills, Basingstoke, Hampshire ; |
| -- | New York, NY : |
| Name of publisher, distributor, etc | Palgrave Macmillan, |
| Date of publication, distribution, etc | 2011. |
| 300 ## - PHYSICAL DESCRIPTION | |
| Extent | xi, 211 pages ; |
| Dimensions | 25 cm. |
| 500 ## - GENERAL NOTE | |
| General note | Includes bibliographical references and index. |
| 505 8# - FORMATTED CONTENTS NOTE | |
| Formatted contents note | Machine generated contents note: -- Prologue -- Tequila and Tesobonos: Mexico 1994-95 -- From Miracle to Panic and Back: Asia 1997-98 -- Korea's Christmas Crisis -- Indonesia with Nukes: Russia 1998 -- Double Bailout for Brazil -- The IMF Fails: The Argentine Drama -- Turkey Stumbles -- Lessons Learned, Not Learned and Ignored -- A Global Firestorm -- Europe's Turn -- Saving the System -- Epilogue. |
| 520 ## - SUMMARY, ETC. | |
| Summary, etc | "A topical insider view of causes and consequences of financial crises since the Mexican collapse of 1995. The book includes a detailed exploration of recent and ongoing firestorms, including the near meltdown of the global financial system and the euro crisis, and suggests ways to save the international financial and monetary system"-- |
| 610 20 - SUBJECT ADDED ENTRY--CORPORATE NAME | |
| Corporate name or jurisdiction name as entry element | International Monetary Fund. |
| 650 #0 - SUBJECT ADDED ENTRY--TOPICAL TERM | |
| Topical term or geographic name as entry element | Financial crises |
| General subdivision | History. |
| 650 #7 - SUBJECT ADDED ENTRY--TOPICAL TERM | |
| Topical term or geographic name as entry element | BUSINESS & ECONOMICS / Finance. |
| Source of heading or term | bisacsh |
| 650 #7 - SUBJECT ADDED ENTRY--TOPICAL TERM | |
| Topical term or geographic name as entry element | BUSINESS & ECONOMICS / Money & Monetary Policy. |
| Source of heading or term | bisacsh |
| 650 #7 - SUBJECT ADDED ENTRY--TOPICAL TERM | |
| Topical term or geographic name as entry element | BUSINESS & ECONOMICS / International / Economics. |
| Source of heading or term | bisacsh |
| 650 #7 - SUBJECT ADDED ENTRY--TOPICAL TERM | |
| Topical term or geographic name as entry element | POLITICAL SCIENCE / Economic Conditions. |
| Source of heading or term | bisacsh |
| 856 42 - ELECTRONIC LOCATION AND ACCESS | |
| Materials specified | Cover image |
| Uniform Resource Identifier | <a href="http://www.netread.com/jcusers2/bk1388/673/9780230292673/image/lgcover.9780230292673.jpg">http://www.netread.com/jcusers2/bk1388/673/9780230292673/image/lgcover.9780230292673.jpg</a> |
| 906 ## - LOCAL DATA ELEMENT F, LDF (RLIN) | |
| a | 7 |
| b | cbc |
| c | orignew |
| d | 1 |
| e | ecip |
| f | 20 |
| g | y-gencatlg |
| 942 ## - ADDED ENTRY ELEMENTS (KOHA) | |
| Source of classification or shelving scheme | Library of Congress Classification |
| Koha item type | Books |
| Call number prefix | Foreign |
| Withdrawn status | Lost status | Source of classification or shelving scheme | Damaged status | Not for loan | Home library | Current library | Shelving location | Date acquired | Source of acquisition | Total Checkouts | Full call number | Barcode | Date last seen | Price effective from | Koha item type |
|---|---|---|---|---|---|---|---|---|---|---|---|---|---|---|---|
| Library of Congress Classification | On Process | College Library | College Library | General Circulation Section | 09/03/2014 | Donation | HB 3722 .B43 2011 | C18611 | 10/30/2014 | Books |